00672 2200205 4500001002100000005001500021035002000036007000300056008004100059020001800100082001200118084001800130100002300148245010100171260004400272500008700316650003800403856001700441990000800458INLIS00000000000012220220128094033 a0010-0122000122ta220128 g 0 ind  a9786020248417 a006.693 a006.693 JUB t0 aJubilee Enterprise1 a3DS Max For Beginner :bkumpulan latihan untuk membantu anda mengusai 3D studio max secara cepat aJakarta :bElex Media Komputindo,c2014 aBuku ini akan membatu menguasai 3D Studio Max secara cepat lewat berbagai latihan. 4aPemrograman untuk Komputer Grafis aKoleksi Umum a224